[Event "AUTO-INT-102"]
[Site "http://www.queenalice.com/game.php?id=76419"]
[Date "2006.6.14"]
[Round "1"]
[White "mosca"]
[Black "EngEsp"]
[Result "1-0"]
[WhiteElo "1424"]
[BlackElo "1450"]

1. d4 d5 2. Nf3 Nf6 3. b4 e6 4. e3 Bxb4+ 5. c3 Ba5 6. Qa4+ c6 7. Ba3 b5 8. Qd1
Ne4 9. Nbd2 Nxc3 10. Qc1 h5 11. Nb3 Ne4+ 12. Nxa5 Qxa5+ 13. Nd2 e5 14. f3 Nc3
15. Nb3 Qa4 16. Qxc3 Qxa3 17. Rc1 Na6 18. Nc5 Qxa2 19. Nxa6 Bxa6 20. dxe5 Rb8
21. Qxc6+ Kd8 22. Qd6+ Ke8 23. Qxb8+ Ke7 24. Qxh8 b4 25. Rc7+ Ke6 26. Rc6+ Kxe5
27. Qxg7+ f6 28. Qxf6# 1-0

[Event "AUTO-INT-102"]
[Site "http://www.queenalice.com/game.php?id=76420"]
[Date "2006.6.14"]
[Round "1"]
[White "EngEsp"]
[Black "mosca"]
[Result "1/2-1/2"]
[WhiteElo "1442"]
[BlackElo "1487"]

1. b3 Nf6 2. e3 b5 3. Bxb5 c6 4. Bd3 Ba6 5. Nc3 d5 6. Na4 c5 7. Nxc5 Bxd3 8.
cxd3 Nc6 9. Nf3 h5 10. Nd4 Ng4 11. Nxc6 Qd6 12. b4 Qxc6 13. d4 g6 14. Qf3 f5 15.
a4 a5 16. b5 Qc8 17. Qxd5 e6 18. Qe5 Nxe5 19. O-O h4 20. f4 Ng4 21. h3 Nf6 22.
Ba3 Ne4 23. Rac1 Nxd2 24. Rfd1 Qb7 25. Rxd2 Qe4 26. Nxe4 Bxa3 27. Rc6 Rd8 28.
Nf6+ Kf7 29. b6 Kxf6 30. d5 Rhe8 31. b7 Rb8 32. Rc7 Re7 33. d6 Rg7 34. g4 fxg4
35. e4 gxh3 36. Kh2 Rxb7 37. Rdc2 Bxd6 38. Kxh3 Rbxc7 39. Rd2 Rgd7 40. Kxh4 Bxf4
41. Rf2 Ke5 42. Re2 g5+ 43. Kg4 Rd4 44. Rf2 Rxe4 45. Rf3 Rxa4 46. Rh3 Rac4 47.
Rh5 a4 48. Rxg5+ Bxg5+ 49. Kxg5 Rg7+ 50. Kh6 Rcg4 51. Kh5 R7g6 1/2-1/2

[Event "AUTO-INT-102"]
[Site "http://www.queenalice.com/game.php?id=76431"]
[Date "2006.6.14"]
[Round "1"]
[White "yetiyare"]
[Black "EngEsp"]
[Result "0-1"]
[WhiteElo "1249"]
[BlackElo "1433"]

1. d4 d5 2. c4 dxc4 3. Nc3 e6 4. e3 Nc6 5. Bxc4 Na5 6. Bd3 Qxd4 7. exd4 Nc6 8.
Nb5 Bd6 9. Nh3 e5 10. Ng5 Nf6 11. Bc4 O-O 12. Qb3 Bg4 13. O-O h6 14. Nxf7 Ne4
15. Nfxd6+ Kh8 16. Nxe4 Nxd4 17. Qg3 Ne2+ 18. Bxe2 Bxe2 19. Re1 Bxb5 20. Nc3 Bc4
21. Qxe5 Rae8 22. Qe4 Rxe4 23. Rxe4 g5 24. Rxc4 h5 25. Bxg5 h4 26. Rxh4+ Kg7 27.
Re1 Kg6 28. Re5 Rf5 29. Rhe4 Rxg5 30. Rxg5+ Kxg5 31. f4+ Kg4 32. h3+ Kh4 33. f5+
Kg5 34. h4+ Kxf5 0-1

[Event "AUTO-INT-102"]
[Site "http://www.queenalice.com/game.php?id=76432"]
[Date "2006.6.14"]
[Round "1"]
[White "EngEsp"]
[Black "yetiyare"]
[Result "1-0"]
[WhiteElo "1420"]
[BlackElo "1386"]

1. b3 d5 2. Nf3 c5 3. Nc3 Nc6 4. Bb2 Nf6 5. e4 dxe4 6. Nb5 exf3 7. gxf3 e6 8.
Bh3 g6 9. Qe2 Bd7 10. O-O-O Na5 11. Qe5 Bxb5 12. Qg5 Be2 13. Rde1 Bxf3 14. Bxf6
Be7 15. b4 cxb4 16. Bxe6 Bxf6 17. Qb5+ Nc6 18. Qxb7 Nd4 19. Qxf7# 1-0

[Event "AUTO-INT-102"]
[Site "http://www.queenalice.com/game.php?id=76437"]
[Date "2006.6.14"]
[Round "1"]
[White "pitzenj"]
[Black "EngEsp"]
[Result "1-0"]
[WhiteElo "1257"]
[BlackElo "1420"]

1. d4 d5 2. Nf3 f6 3. e3 g5 4. g3 c6 5. Bg2 Nh6 6. O-O Ng4 7. Nbd2 Qd6 8. b3 f5
9. Nxg5 Qh6 10. Nh3 e6 11. Nf3 Bd6 12. Re1 Na6 13. c4 dxc4 14. bxc4 e5 15. e4
Be6 16. Bxh6 Nxh6 17. dxe5 Bc5 18. exf5 Nxf5 19. Bf1 Bd5 20. cxd5 Rg8 21. Rb1
O-O-O 22. Nf4 Rg5 23. Nxg5 Nb4 24. Qh5 h6 25. Nf7 Ng7 26. Qxh6 cxd5 27. Qxg7 Kc7
28. Nxd8+ Kxd8 29. Ne6+ Kc8 30. Qc7# 1-0

[Event "AUTO-INT-102"]
[Site "http://www.queenalice.com/game.php?id=76438"]
[Date "2006.6.14"]
[Round "1"]
[White "EngEsp"]
[Black "pitzenj"]
[Result "1-0"]
[WhiteElo "1373"]
[BlackElo "1174"]

1. e3 e5 2. Bc4 d5 3. Bb5+ Bd7 4. a4 a5 5. Nf3 Nc6 6. g3 Bb4 7. c3 Bd6 8. h4 Nf6
9. Ng5 O-O 10. f4 e4 11. Qc2 Ne7 12. Ra3 Bxa3 13. bxa3 Be6 14. c4 Nf5 15. d3
Nxg3 16. Rg1 Nf5 17. cxd5 Qxd5 18. Nc3 Qd8 19. dxe4 Nxh4 20. Qf2 h6 21. Qxh4
hxg5 22. Qxg5 g6 23. Rh1 Kg7 24. Qh6+ Kg8 25. Qh8# 1-0

[Event "Ceará"]
[Site "http://www.queenalice.com/game.php?id=76676"]
[Date "2006.6.15"]
[Round "-"]
[White "DaniloOtaviano"]
[Black "EngEsp"]
[Result "1-0"]
[WhiteElo "1354"]
[BlackElo "1373"]

1. e3 e5 2. c3 Nh6 3. b3 f5 4. Bb2 f4 5. Qh5+ Ke7 6. Qxe5+ Kf7 7. Bc4+ Kg6 8.
Qxf4 Bd6 9. Bd3+ Kh5 10. Qf3+ Ng4 11. h3 Qg5 12. g3 Rf8 13. hxg4# 1-0

[Event "Challenge"]
[Site "http://www.queenalice.com/game.php?id=111706"]
[Date "2006.9.30"]
[Round "-"]
[White "bettim"]
[Black "EngEsp"]
[Result "0-1"]
[WhiteElo "1454"]
[BlackElo "1444"]

1. g3 e6 2. h4 Nf6 3. a4 Ng4 4. f3 Nf6 5. g4 Bd6 6. Rh3 Na6 7. c3 Nd5 8. e4 Nf4
9. Rh1 c5 10. Ne2 Nd3# 0-1

[Event "AUTO-OPEN-405"]
[Site "http://www.queenalice.com/game.php?id=111791"]
[Date "2006.9.30"]
[Round "1"]
[White "johntelker"]
[Black "EngEsp"]
[Result "1-0"]
[WhiteElo "1647"]
[BlackElo "1466"]

1. d4 e6 2. Nf3 Nf6 3. e3 Nd5 4. a3 h5 5. Be2 Rh6 6. e4 Nf6 7. Bxh6 gxh6 8. e5
Ne4 9. O-O h4 10. h3 c6 11. Bd3 Ng5 12. Nxh4 d5 13. Nf3 b6 14. Nxg5 Qxg5 15. f4
Qg3 16. Qf3 Qh4 17. c3 b5 18. f5 exf5 19. Bxf5 Kd8 20. Bxc8 Kxc8 21. Qxf7 Qd8
22. Qxf8 Qxf8 23. Rxf8+ Kc7 24. Nd2 Kb7 25. Raf1 a5 26. Nb3 Kb6 27. Rh8 a4 28.
Nc5 Na6 29. Rxa8 Nc7 30. Rh8 Na6 31. Rxh6 b4 32. axb4 Nc7 33. Rff6 Ne6 34. Rxe6
1-0

[Event "AUTO-OPEN-405"]
[Site "http://www.queenalice.com/game.php?id=111792"]
[Date "2006.9.30"]
[Round "1"]
[White "EngEsp"]
[Black "johntelker"]
[Result "0-1"]
[WhiteElo "1457"]
[BlackElo "1656"]

1. b3 d5 2. Ba3 Nf6 3. c4 c6 4. Nf3 g6 5. Ne5 Bg7 6. e3 O-O 7. Bd3 Re8 8. e4
dxe4 9. Be2 Nbd7 10. f4 Nxe5 11. fxe5 Nd7 12. d3 exd3 13. Bxd3 Bxe5 14. Nd2 Bxa1
15. Qxa1 Nf6 16. O-O Qxd3 17. Qe1 Qd4+ 18. Qf2 Qxf2+ 19. Rxf2 Bf5 20. h4 b6 21.
Nf3 c5 22. Ng5 Rad8 23. Rf1 Rd2 24. Bc1 Rxa2 25. Nf3 e5 26. Kh2 Ng4+ 27. Kg3 e4
28. Ng5 e3 29. b4 e2 30. Rg1 e1=Q+ 31. Rxe1 Rxe1 32. Bf4 cxb4 33. Nf3 b3 34.
Nxe1 b2 0-1

[Event "AUTO-OPEN-405"]
[Site "http://www.queenalice.com/game.php?id=111817"]
[Date "2006.9.30"]
[Round "1"]
[White "erickeek"]
[Black "EngEsp"]
[Result "1-0"]
[WhiteElo "1855"]
[BlackElo "1449"]

1. e4 e6 2. d4 Qh4 3. Nf3 Qf4 4. Bxf4 Nf6 5. Nc3 Bb4 6. Bd3 Nc6 7. Bxc7 h5 8.
O-O d5 9. e5 Ng4 10. Nb5 Kd7 11. Bd6 a5 12. c3 b6 13. cxb4 axb4 14. h3 Nh6 15.
Qb3 Ra5 16. Bxb4 Ra6 17. Nd6 f5 18. Nxc8 Kxc8 19. Bxa6+ Kc7 20. Bd6+ Kd7 21.
Qxb6 Rc8 22. Bxc8+ Kxc8 23. Qc7# 1-0

[Event "AUTO-OPEN-405"]
[Site "http://www.queenalice.com/game.php?id=111818"]
[Date "2006.9.30"]
[Round "1"]
[White "EngEsp"]
[Black "erickeek"]
[Result "0-1"]
[WhiteElo "1447"]
[BlackElo "1844"]

1. b3 d5 2. Nc3 d4 3. Ne4 f5 4. Ng5 e5 5. h4 Nf6 6. Rh3 Bd6 7. e4 fxe4 8. Bb5+
c6 9. Bc4 Bxh3 10. N1xh3 Qd7 11. Ne6 b5 12. Neg5 bxc4 13. bxc4 h6 14. d3 hxg5
15. Nxg5 Rxh4 16. Bd2 Rh1+ 17. Ke2 Rxd1 18. Rxd1 Qg4+ 19. Ke1 Qxg2 20. Nxe4 Nxe4
21. dxe4 Qxe4+ 22. Kf1 Qxc2 23. Ke1 Qxa2 24. Bg5 Qxc4 25. f4 Bb4+ 26. Rd2 Qc1+
27. Ke2 Qxd2+ 28. Kf3 Qe3+ 29. Kg4 g6 30. f5 Qe4+ 31. Kh3 Qxf5+ 32. Kh4 Be1# 0-1

[Event "Challenge"]
[Site "http://www.queenalice.com/game.php?id=113098"]
[Date "2006.10.4"]
[Round "-"]
[White "Kic"]
[Black "EngEsp"]
[Result "1-0"]
[WhiteElo "1363"]
[BlackElo "1447"]

1. b4 e6 2. a3 Nf6 3. d4 Ne4 4. f3 Ng3 5. hxg3 c6 6. c3 d5 7. f4 f5 8. Qd3 Na6
9. Nd2 g5 10. fxg5 Qxg5 11. Nb3 f4 12. gxf4 Qg4 13. e3 Qg3+ 14. Kd1 e5 15. dxe5
Qf2 16. Qe2 Qg3 17. Qh5+ Kd8 18. Bd2 Rg8 19. Be1 Bg4+ 20. Kd2 Bxh5 21. Bxg3 Rxg3
22. Rxh5 c5 23. Rf5 Ke7 24. bxc5 Ke6 25. Rf6+ Ke7 26. Ne2 Rg4 27. Nbd4 Nxc5 28.
Nf5+ Kd7 29. Rb1 b6 30. Nh6 Ne4+ 31. Kc2 Bxa3 32. Nxg4 Rc8 33. Rf7+ Kc6 34. Rxa7
Bc5 35. Nd4+ Bxd4 36. cxd4 Rg8 37. Nf6 Rg7 38. Rxg7 b5 39. Bxb5+ Kb6 40. Nxd5+
Ka5 41. Ra7# 1-0